Statistics for Animal Sounds Quiz

Click here to take the quiz!

General Stats

  • This quiz has been taken 140,386 times
    (92,355 since last reset)
  • The average score is 17 of 19

Answer Stats

Sound Animal % Correct
MooCow
100%
MeowCat
100%
WoofDog
99%
QuackDuck
98%
OinkPig
97%
BuzzBee
95%
TweetBird
95%
HissSnake
95%
NeighHorse
95%
Cock-a-Doodle DooRooster
94%
RibbitFrog
93%
BahSheep
93%
CluckChicken
92%
HootOwl
90%
SqueakMouse
90%
Hee-HawDonkey
90%
GobbleTurkey
81%
HonkGoose
67%
CooDove
63%

Score Distribution

Percentile by Number Answered

Percent of People with Each Score

Your Score History

You have not taken this quiz since the last reset